مظاهر التيسير ورفع الحرج في الشريعة الاسلامية

Bibliographic Details
Main Author: حسين، فرج علي الفقيه (Author)
Format: Book
Language:Arabic
Published: Dimashq : Dar al-Qutaybah , 2005
Edition:الطبعة 2
Subjects:

MARC

LEADER 00000cam a2200000 7i4500
001 0000079621
005 20130109093000.0
008 120704s2005 sy ara
050 0 0 |a BP148   |b .H87 2005 
090 0 0 |a BP148   |b .H87 2005 
100 1 |a حسين، فرج علي الفقيه ,   |e author 
241 1 0 |a Mazahir al-taysir wa-rafa' al-haraj fi al-shari'ah al-islamiyah 
245 1 0 |a مظاهر التيسير ورفع الحرج في الشريعة الاسلامية   |c د فرج على الفقهية حسين 
250 |a الطبعة 2 
260 |a Dimashq :   |b Dar al-Qutaybah ,   |c 2005 
300 |a 496 p. ;   |c 25 cm. 
504 |a Includes bibliographical references (p. 473-490) and index 
650 0 |a Islamic law   |x Interpretation and construction 
650 0 |a Islam   |x Customs and practices 
650 0 |a Necessity (Islamic law) 
999 |a 1000148180   |b Book   |c OPEN SHELF (30 DAYS)   |e Gong Badak Campus